000 00640nam a2200241Ia 4500
003 OSt
005 20221007080525.0
006 a|||||r|||| 00| 0
007 ta
008 221006b |||||||| |||| 00| 0 eng d
024 _a23,923
037 _cTextual
040 _aFLL
_cFLL
_beng
041 _2eng
_aeng
082 _aZ2,2,4140aX72, M3
100 _aSrinivasan K.
245 0 _aTax treatment of private trusts
250 _a1st
260 _aNew Delhi
_bV.S. Renganathan India
_c1983
300 _alvi,1-248p
_ccm.
942 _hZ2,2,4140aX72, M3
_cTEXL
_2CC
999 _c1159958
_d1159958